| 000 | 00497 a2200181 4500 | ||
|---|---|---|---|
| 005 | 20250602144859.0 | ||
| 008 | 250602b |||||||| |||| 00| 0 eng d | ||
| 020 |
_a9789388031080 _cRs. 1795.00 |
||
| 040 | _aMAIN | ||
| 082 |
_a320.01 _bB179R |
||
| 100 | _aBakoliya, Dheeraj | ||
| 245 | _aRajniti vigyan ke siddhant | ||
| 260 |
_bBaba Publication _c2024 _aJaipur |
||
| 300 | _a240 | ||
| 650 | _aPolitical Science- Philosophy | ||
| 650 | _aPolitical Science- Study and Teaching | ||
| 942 | _cBK | ||
| 999 |
_c360057 _d360057 |
||